Detalles MARC
| 000 -LÍDER |
| Campo fijo de descripción fija |
01196nam a2200313 i 4500 |
| 001 - NÚMERO DE CONTROL |
| Campo de control |
768714001 |
| 003 - IDENTIFICADOR DEL NÚMERO DE CONTROL |
| Campo de control |
CO-MdFUSB |
| 005 - FECHA Y HORA DE LA ULTIMA TRANSACCIÓN |
| control field |
20220706160057.0 |
| 007 - CAMPO FIJO DE DESCRIPCIÓN FIJA--INFORMACIÓN GENERAL |
| Campo fijo de descripción fija |
ta |
| 008 - ELEMENTOS DE LONGITUD FIJA -- INFORMACIÓN GENERAL |
| Campo fijo de descripción fija -- Información general |
220221t1997 CC c|||| |||| 00| 0 spa d |
| 020 ## - NÚMERO INTERNACIONAL NORMALIZADO PARA LIBROS |
| Información adicional |
[No incluye ISBN] |
| 040 ## - FUENTE DE CATALOGACIÓN |
| Agencia de catalogación original |
CO-MdFUSB |
| Idioma de catalogación |
spa |
| Agencia que realiza la transcripción |
CO-MdFUSB |
| Agencia que realiza la modificación |
CO-MdFUSBC |
| Convenciones de la descripción |
rda |
| 041 ## - CÓDIGO DE IDIOMA |
| Código de idioma para texto/pista de sonido o título separado |
spa |
| 090 ## - SIGNATURA TOPOGRÁFICA LOCAL |
| Número de clasificación local |
AV 0143 |
| 245 13 - TÍTULO |
| Título del Material |
El desafío de la inclusión |
| Parte restante del título - Subtitulo |
: discurso ante la junta de gobernaores Hong Kong, China. |
| Fechas incluidas |
23 de septiembre de 1997 |
| Mención de responsabilidad, etc. |
/ dirigido por James D. Wolfensohn |
| 264 #0 - PRODUCCIÓN, PUBLICACIÓN, DISTRIBUCIÓN, MANUFACTURA, Y COPYRIGHT |
| Lugar de producción, publicación, distribución, manufactura |
Hong Kong, China : |
| Nombre del productor, publicador, distribuidor |
Grupo del Banco Mundial, |
| Fecha de producción, publicación, distribución, manufactura, o copyright |
[1987] |
| 300 ## - DESCRIPCIÓN FÍSICA |
| Extensión |
24 páginas |
| Dimensiones |
; 22 cm |
| 336 ## - TIPO DE CONTENIDO |
| Fuente |
rdacontent |
| Término de tipo de contenido |
texto |
| Código de tipo de contenido |
txt |
| 337 ## - TIPO DE MEDIO |
| Fuente |
rdamedia |
| Nombre del tipo de medio |
sin mediación |
| Código del tipo de medio |
n |
| 338 ## - TIPO DE SOPORTE |
| Fuente |
rdacarrier |
| Nombre del tipo de soporte |
volumen |
| Código Tipo de soporte |
nc |
| 500 ## - NOTA GENERAL |
| Nota General |
James D. Wolfensohn fue presidente del grupo del Banco Mundial |
| 505 ## - NOTA DE CONTENIDO |
| Nota de contenido con formato preestablecido |
Situación del desarrollo en 1997 -- La tarea pendiente -- Los organismos de desarrollo -- La reacción del grupo del Banco Mundial -- Conclusión. |
| 563 ## - NOTA DE ENCUADERNACIÓN |
| Nota de encuadernación |
Rústico |
| 650 #7 - ASIENTO SECUNDARIO DE MATERIA - TERMINO TEMÁTICO |
| Fuente del encabezamiento o término |
embne |
| 9 (RLIN) |
2578 |
| Término temático o nombre geográfico como elemento de entrada |
Política social |
| 653 ## - TÉRMINO DE INDIZACIÓN - NO CONTROLADO |
| Término no controlado |
Inclusión social. |
| 653 ## - TÉRMINO DE INDIZACIÓN - NO CONTROLADO |
| Término no controlado |
País en vías de desarrollo. |
| 700 ## - ASIENTO SECUNDARIO - NOMBRE PERSONAL |
| 9 (RLIN) |
6269 |
| Nombre personal |
Wolfensohn, James D. |
| Responsabilidad |
director |
| 942 ## - TIPO DE MATERIAL (KOHA) |
| Tipo de Item KOHA |
Documentos Archivo Vertical |